الحماية الجنائية في مواجهة استخدامات الطاقة النووية في القانون المصري والمقارن / (Record no. 69651)
[ view plain ]
| 000 -LEADER | |
|---|---|
| fixed length control field | 04183nam a2200397 i 4500 |
| 003 - CONTROL NUMBER IDENTIFIER | |
| control field | EG-GICUC |
| 005 - أخر تعامل مع التسجيلة | |
| control field | 20260408114642.0 |
| 008 - FIXED-LENGTH DATA ELEMENTS--GENERAL INFORMATION | |
| fixed length control field | 260408s2025 ua ||||f m||| 00| 0 ara d |
| 040 ## - CATALOGING SOURCE | |
| Original cataloguing agency | EG-GICUC |
| Transcribing agency | EG-GICUC |
| Modifying agency | EG-GICUC |
| Description conventions | rda |
| Language of cataloging: | ara |
| 041 0# - LANGUAGE CODE | |
| Language code of text/sound track or separate title | ara |
| 049 ## - Acquisition Source | |
| Acquisition Source | إهداء |
| 082 04 - DEWEY DECIMAL CLASSIFICATION NUMBER | |
| Classification number | 343.11223 |
| Edition number | 21 |
| 097 ## - Degree | |
| Degree | Ph.D |
| 099 ## - LOCAL FREE-TEXT CALL NUMBER (OCLC) | |
| Local Call Number | Law 10 PHD 2025 |
| 100 0# - MAIN ENTRY--PERSONAL NAME | |
| Authority record control number or standard number | عماد الدين الدرمللي عبد الرازق |
| Preparation | مؤلف. |
| 245 10 - TITLE STATEMENT | |
| Title | الحماية الجنائية في مواجهة استخدامات الطاقة النووية في القانون المصري والمقارن / |
| Statement of responsibility, etc. | إعداد عماد الدين الدرمللي عبد الرازق؛ إشراف الأستاذ الدكتور عمر محمد سالم. |
| 264 #0 - PRODUCTION, PUBLICATION, DISTRIBUTION, MANUFACTURE, AND COPYRIGHT NOTICE | |
| Place of production, publication, distribution, manufacture | الجيزة : |
| Name of producer, publisher, distributor, manufacturer | كلية الحقوق-جامعة القاهرة، |
| Date of production, publication, distribution, manufacture, or copyright notice | 2025. |
| 300 ## - PHYSICAL DESCRIPTION | |
| Extent | 506 صفحة؛ |
| Dimensions | 24 سم |
| 336 ## - CONTENT TYPE | |
| Content type term | text |
| Source | rda content |
| 337 ## - MEDIA TYPE | |
| Media type term | Computer |
| Source | rda media |
| 338 ## - CARRIER TYPE | |
| Carrier type term | Online Resource |
| Source | rda carrier |
| 502 ## - DISSERTATION NOTE | |
| Dissertation note | أطروحة (دكتوراه)-جامعة القاهرة-كلية الحقوق-قسم القانون الجنائي، 2025. |
| 504 ## - BIBLIOGRAPHY, ETC. NOTE | |
| Bibliography, etc. note | يشتمل على إرجاعات بيبليوجرافية: 472-497 |
| 520 3# - SUMMARY, ETC. | |
| Summary, etc. | لقد أصبح استخدام الطاقة النووية مطلباً هاماً يستحوذ على اهتمام الكثير من الدول لدخولها في شتى مناحي الحياه من عسكرية ومدنية أو سلمية بمجالاتها المختلفة صناعية كانت أو زراعية أو طبية أو تعدينية إلى غير ذلك من المجالات الأخرى فضلاً عن دخولها في مجالات أبحاث الفضاء والعلوم الكونية بل لقد صار ذلك الأمر اتجاه عام تملكه جميع الدول التي تملك الإمكانيات اللازمة لإرتياد هذا المجال وغدا ذلك مطلباً عاماً يستحوذ على اهتمامها فرادى أو جماعات بل وسعت بكل السبل والوسائل التي يحوزنها من أجل تحقيقه ولكل منها وجهة نظرها وقصدها من الغرض في امتلاك تلك الطاقة.<br/><br/>وقد كان للرأي العام العالمي الذي صدم بما حدث في هيروشيما ونجازاكي أكبر الأثر في توجيه الفكر إلى ضرورة قصر استخدام الطاقة الذرية على الأغراض السلمية وتوجس رئيس الولايات المتحدة الأمريكية السابق الرئيس تورمان حقيقة من أن تصبحالقنبلة الذرية وسيلة لفض المنازعات الدولية فأصدر مع رئيس وزراء المملكة المتحدة ورئيس وزراء كندا في ١٥ نوفمبر ١٩٤٥ تصريحاً مشتركا تضمن أن استخدام الاكتشافات العلمية في الحرب قد وفر للإنسان وسيلة تدمير لم تعرف من قبل لا يمكن أن يكفي تجاهها أي دفاع عسكري ولا يمكن أن يقتصر استخدامها على جانب واحد وأكدوا ان مسئولية إيجاد وسائل تضمن استخدام الاكتشافات العلمية الحديثة لخدمة البشرية وليس لتدميرها تقع على عاتق الشعوب المتقدمة في جميع انحاء العالم . |
| 650 04 - SUBJECT ADDED ENTRY--TOPICAL TERM | |
| Topical term or geographic name entry element | القانون الجنائي |
| 653 #0 - INDEX TERM--UNCONTROLLED | |
| Uncontrolled term | استخدام الاكتشافات العلمية الحديثة لخدمة البشرية |
| 653 #0 - INDEX TERM--UNCONTROLLED | |
| Uncontrolled term | شتى مناحي الحياه من عسكرية ومدنية أو سلمية |
| 653 #0 - INDEX TERM--UNCONTROLLED | |
| Uncontrolled term | استخدام الطاقة النووية |
| 655 #4 - INDEX TERM--GENRE/FORM | |
| Genre/form data or focus term | رسائل جامعية |
| Geographic subdivision | جامعة القاهرة |
| General subdivision | القانون الجنائي |
| 700 0# - ADDED ENTRY--PERSONAL NAME | |
| Personal name | عمر محمد سالم |
| Relator term | مشرف. |
| 710 2# - ADDED ENTRY--CORPORATE NAME | |
| Corporate name or jurisdiction name as entry element | جامعة القاهرة |
| Subordinate unit | كلية الحقوق |
| 856 ## - ELECTRONIC LOCATION AND ACCESS | |
| Uniform Resource Identifier | <a href="https://fll.law.cu.edu.eg/fulltext/th/T10-04345.pdf">https://fll.law.cu.edu.eg/fulltext/th/T10-04345.pdf</a> |
| 900 ## - Thesis Information | |
| Grant date | 2025 |
| Universities | جامعة القاهرة |
| Faculties | كلية الحقوق |
| Department | قسم القانون الجنائي |
| 905 ## - Cataloger and Reviser Names | |
| Cataloger Name: | Hoda |
| 942 ## - ADDED ENTRY ELEMENTS (KOHA) | |
| Source of classification or shelving scheme | Dewey Decimal Classification |
| Koha item type | Thesis |
| Edition | 21 |
| Suppress in OPAC | No |
| Source of classification or shelving scheme | Collection | Home library | Current library | Date acquired | Full call number | Barcode | Date last seen | Copy number | Effective from | Koha item type |
|---|---|---|---|---|---|---|---|---|---|---|
| Dewey Decimal Classification | القانون الجنائي | جــــامعة القــاهرة | مكتبة كلية الحقوق - المبنى الرئيسي | 08.04.2026 | Law1 10 PHD 2025 1004345 C1 | T10-04345 | 08.04.2026 | 1 | 08.04.2026 | Thesis |
| Dewey Decimal Classification | القانون الجنائي | جــــامعة القــاهرة | مكتبة كلية الحقوق - المبنى الرئيسي | 08.04.2026 | Law1 10 PHD 2025 1004346 C2 | T10-04346 | 08.04.2026 | 2 | 08.04.2026 | Thesis |
| Dewey Decimal Classification | القانون الجنائي | جــــامعة القــاهرة | مكتبة كلية الحقوق - فـرع الشيخ زايد | 08.04.2026 | Law2 10 PHD 2025 1004347 C3 | T10-04347 | 08.04.2026 | 3 | 08.04.2026 | Thesis |